| 000 | 00379nam a2200157Ia 4500 | ||
|---|---|---|---|
| 999 |
_c3683 _d3683 |
||
| 008 | 191201s2009 xx 000 0 und d | ||
| 020 | _a9788177584752 | ||
| 082 |
_a004.678 _bHAC |
||
| 100 | _aHalsall, Fred | ||
| 245 | 0 | _aComputer Networking and the internet | |
| 250 | _a2nd IMP. | ||
| 260 |
_aN.Delhi _bpearson _c2009 |
||
| 300 | _a678 | ||
| 650 | _aMCA | ||
| 942 |
_2ddc _cBK _03 |
||